00802nam a2200193Ia 4500003000900000008004100009040001600050080001800066110005200084245018700136260006500323300001600388650003200404650001900436650003700455942000700492999001500499952009400514IN-BaIIA211028s9999 xx 000 0 eng d cIIA Library a083.7:62bASM aAmerican Society of Mechanical Engineers912080 0a1980 ASMe boilr and pressure vessel code section III Nuclesr Power Plant Components : Division 1 Subsection NG : Core SucThe American Society of Mechanical Engineers  aNew YorkbThe American Society of Mechanical Engineersc1980 axxii, 103p. aMechanical Engineering9667 aNASA Thesaurus aRules-Nuclear Power Plant912081 cBK c7062d7062 00104070aBANbKAVcGENd1982-04-27l0o083.7:62/ ASMp7842r2021-11-05w1982-04-27yBK